[Event "Gorges op 19th"]
[Site "Gorges"]
[Date "2009.07.06"]
[Round "2"]
[White "Letertre, Arnaud"]
[Black "Chaillou, Stephane"]
[Result "1/2-1/2"]
[WhiteElo "1920"]
[BlackElo "1660"]
[PlyCount "99"]
[EventDate "2009.07.??"]
[EventType "swiss"]
[EventRounds "7"]
[EventCountry "FRA"]
[SourceTitle "EXT 2011"]
[Source "ChessBase"]
[SourceDate "2010.11.26"]
[SourceVersion "1"]
[SourceVersionDate "2010.11.26"]
[SourceQuality "1"]

1. d4 c6 2. c4 d5 3. Nf3 Nf6 4. Nc3 Bf5 5. e3 Nbd7 6. Qb3 Qb6 7. Qxb6 Nxb6 8. cxd5 Nbxd5 9. a3 e6 10. Bc4 Nxc3 11. bxc3 Ne4 12. Bb2 Be7 13. 0-0 Bg4 14. Ne5 Nd2 15. Rfc1 Nxc4 16. Nxc4 Bf5 17. Na5 0-0 18. a4 Rac8 19. Ba3 Bxa3 20. Rxa3 b6 21. Nc4 Rfd8 22. f3 c5 23. Raa1 cxd4 24. cxd4 h6 25. Ne5 Rxc1+ 26. Rxc1 f6 27. Nc6 Rd7 28. e4 Bg6 29. Rc4 Rc7 30. d5 exd5 31. exd5 Be8 32. Kf2 Bxc6 33. Rxc6 Rd7 34. Rc8+ Kf7 35. Ke3 Rxd5 36. Rc7+ Kg6 37. Rxa7 Rg5 38. Kf2 Rc5 39. g4 Rc3 40. a5 bxa5 41. Rxa5 Rc2+ 42. Kg3 Re2 43. h4 Re7 44. Kf4 Kf7 45. Kf5 g6+ 46. Kf4 g5+ 47. hxg5 hxg5+ 48. Kf5 Kg7 49. f4 gxf4 50. Kxf4 1/2-1/2